The bankers /

Salvato in:
Dettagli Bibliografici
Autore principale: Mayer, Martin, 1928-
Natura: Libro
Lingua:English
Pubblicazione: New York : Weybright and Talley, [1974]
Soggetti:
LEADER 00993nam a2200277 i 4500
001 c000061231
003 CARM
005 00000000000000.0
008 741218s1974 nyu b 00110 eng
019 1 |a 465669  |5 LACONCORD2021 
020 |a 0679400109 :  |c $15.00 
035 |a (OCoLC)1115015  |5 LACONCORD2021 
043 |a e------  |a n-us--- 
050 0 0 |a HG2491  |b .M34 
100 1 |a Mayer, Martin,  |d 1928- 
245 1 4 |a The bankers /  |c by Martin Mayer. 
260 |a New York :  |b Weybright and Talley,  |c [1974] 
300 |a viii, 566 p. ;  |c 24 cm. 
504 |a Includes bibliographical references and index. 
650 0 |a Banks and banking  |z United States. 
650 0 |a Federal Reserve banks. 
650 0 |a Banks and banking  |z Europe. 
852 8 |b CARM  |h A2:AF22F0  |i C01324  |p 0069509  |f BK 
082 0 4 |a 332.1/0973 
999 f f |i 09328c9e-6394-50bd-9c31-3ebf1e0fa27f  |s f786a35b-ea48-5f26-b0ea-9f6284a43590 
952 f f |p Can circulate  |a CAVAL  |b CAVAL  |c CAVAL  |d CARM 1 Store  |e C01324  |f A2:AF22F0  |h Other scheme  |i book  |m 0069509